[Event "2025 National K-12 Grade Championship"]
[Site "Spokane, WI USA, United States"]
[Date "2025.12.12"]
[Round "2.30"]
[White "Toth, Miroslav"]
[Black "Liu, Kaihan"]
[Result "1-0"]
[TimeControl "G/90; d10"]
[WhiteFideId "39985326"]
[BlackFideId "39977102"]
[WhiteElo "1070"]
[BlackElo "1628"]

1. e4 {[%clk 01:30:00]} e6 {[%clk 01:30:00]} {[%emt 00:00:06]} 2. d4 {[%clk
01:30:00]} {[%emt 00:00:05]} d5 {[%clk 01:30:00]} {[%emt 00:00:03]} 3. exd5
{[%clk 01:30:00]} {[%emt 00:00:09]} exd5 {[%clk 01:30:00]} {[%emt 00:00:05]} 4.
Bd3 {[%clk 01:29:56]} {[%emt 00:00:15]} Bd6 {[%clk 01:30:00]} {[%emt 00:00:06]}
5. h3 {[%clk 01:29:46]} {[%emt 00:00:19]} Ne7 {[%clk 01:30:00]} {[%emt
00:00:06]} 6. Nf3 {[%clk 01:29:42]} {[%emt 00:00:13]} Nbc6 {[%clk 01:30:00]}
{[%emt 00:00:09]} 7. c3 {[%clk 01:29:38]} {[%emt 00:00:14]} Bf5 {[%clk
01:29:59]} {[%emt 00:00:10]} 8. O-O {[%emt 00:00:38]} O-O {[%clk 01:29:59]}
{[%emt 00:00:01]} 9. Bg5 {[%clk 01:28:23]} {[%emt 00:00:57]} Bxd3 {[%clk
01:29:54]} {[%emt 00:00:22]} 10. Qxd3 {[%clk 01:28:22]} {[%emt 00:00:11]} h6
{[%clk 01:29:40]} {[%emt 00:00:24]} 11. Bh4 {[%clk 01:27:44]} {[%emt 00:00:47]}
Qd7 {[%clk 01:29:40]} {[%emt 00:00:09]} 12. Nbd2 {[%clk 01:27:16]} {[%emt
00:00:38]} Ng6 {[%clk 01:29:38]} {[%emt 00:00:12]} 13. Bg3 {[%clk 01:26:54]}
{[%emt 00:00:33]} Rfe8 {[%clk 01:28:45]} {[%emt 00:01:02]} 14. Rfe1 {[%clk
01:25:09]} {[%emt 00:01:56]} a6 {[%clk 01:27:44]} {[%emt 00:01:11]} 15. Rad1
{[%clk 01:21:02]} {[%emt 00:04:17]} Bxg3 {[%clk 01:24:54]} {[%emt 00:03:00]} 16.
fxg3 {[%clk 01:20:31]} {[%emt 00:00:41]} Qd6 {[%clk 01:24:48]} {[%emt
00:00:15]} 17. Kh2 {[%clk 01:19:07]} {[%emt 00:01:36]} b5 {[%clk 01:21:18]}
{[%emt 00:03:40]} 18. Nb3 {[%clk 01:18:16]} {[%emt 00:01:01]} Nf8 {[%clk
01:17:57]} {[%emt 00:03:31]} 19. Nh4 {[%clk 01:11:54]} {[%emt 00:06:32]} Nd7
{[%clk 01:16:27]} {[%emt 00:01:41]} 20. Nf5 {[%clk 01:10:38]} {[%emt 00:01:25]}
Qg6 {[%clk 01:16:13]} {[%emt 00:00:22]} 21. Qf3 {[%clk 01:05:27]} {[%emt
00:05:22]} Nb6 {[%clk 01:13:35]} {[%emt 00:02:47]} 22. Nc5 {[%clk 01:02:05]}
{[%emt 00:03:35]} a5 {[%clk 01:12:25]} {[%emt 00:01:20]} 23. Rxe8+ {[%clk
00:56:25]} {[%emt 00:05:49]} Rxe8 {[%clk 01:12:08]} {[%emt 00:00:28]} 24. Rf1
{[%clk 00:54:09]} {[%emt 00:02:25]} f6 {[%clk 01:10:44]} {[%emt 00:01:35]} 25.
Qd3 {[%clk 00:48:13]} {[%emt 00:06:06]} b4 {[%clk 01:10:44]} {[%emt 00:00:07]}
26. cxb4 {[%emt 00:03:25]} Nxb4 {[%clk 01:10:44]} 27. Ne7+ {[%clk 00:44:33]}
{[%emt 00:00:40]} Rxe7 {[%clk 01:10:41]} {[%emt 00:00:13]} 28. Qxg6 {[%clk
00:44:31]} {[%emt 00:00:12]} Nxa2 {[%clk 01:10:41]} {[%emt 00:00:07]} 29. Qb1
{[%clk 00:42:27]} {[%emt 00:02:12]} Nb4 {[%clk 01:10:41]} {[%emt 00:00:08]} 30.
Re1 {[%clk 00:41:18]} {[%emt 00:01:21]} Nc6 {[%clk 01:10:19]} {[%emt 00:00:34]}
31. Rxe7 {[%clk 00:40:57]} {[%emt 00:00:30]} Nxe7 {[%emt 00:00:05]} 32. Qe1
{[%clk 00:40:36]} {[%emt 00:00:30]} Kf7 {[%clk 01:10:10]} {[%emt 00:00:18]} 33.
Qxa5 {[%clk 00:38:30]} {[%emt 00:02:16]} Nc6 {[%clk 01:10:10]} {[%emt
00:00:04]} 34. Qe1 {[%clk 00:38:07]} {[%emt 00:00:33]} Nxd4 {[%clk 01:10:10]}
{[%emt 00:00:07]} 35. Qe3 {[%clk 00:36:36]} {[%emt 00:01:40]} Nf5 {[%clk
01:09:41]} {[%emt 00:00:40]} 36. Qe6+ {[%clk 00:34:34]} {[%emt 00:02:13]} Kg6
{[%clk 01:09:41]} {[%emt 00:00:03]} 37. Qe8+ {[%clk 00:33:25]} {[%emt
00:01:17]} Kh7 {[%clk 01:09:41]} {[%emt 00:00:06]} 38. Ne6 {[%clk 00:30:31]}
{[%emt 00:03:01]} Nc4 {[%clk 01:09:04]} {[%emt 00:00:49]} 39. Nf8+ {[%clk
00:29:09]} {[%emt 00:02:11]} 1-0